| 000 | nam a22 a 4500 | ||
|---|---|---|---|
| 999 |
_c490126 _d490126 |
||
| 003 | BLK | ||
| 005 | 20230324135912.0 | ||
| 008 | 230324b bu |||||r|||| 00| | bu d | ||
| 020 | _a9786065390478 | ||
| 040 | _aBLK | ||
| 041 |
_aROM _cDRU |
||
| 080 |
_aАнглийска литература _b821.111 _x-31 _z821.111-31 |
||
| 100 | 1 |
_918169 _aMaurier, Daphne du |
|
| 139 | _aMaurier, Daphne du | ||
| 245 |
_aGolful francezului. _cDaphne du Maurier ; trad. de Oana-Cristina Andreoiu. |
||
| 260 |
_9216607 _aBucuresti _bAdevarul _c2009 _n978-606- ; 978-973- |
||
| 300 |
_a254 p. _c20 cm |
||
| 380 | _aX | ||
| 490 |
_aBiblioteca Adevarul _9486986 |
||
| 490 |
_a100 de opere esentiale _9487022 _v49 |
||
| 500 | _aОриг. загл.: Frenchman's Creek / Daphne du Maurier. | ||
| 700 |
_9487079 _aAndreoiu, Oana-Cristina _etrad. |
||
| 856 |
_i0.00 _ldisable |
||
| 942 |
_cKNG _n0 _s1 |
||
| 944 |
_aCR _c2023-03-24 _kКети |
||